[Event "Montreal op Rapid"]
[Site "Chess.com"]
[Date "2021.06.12"]
[Round "2"]
[White "Heran-Boily, Samuel"]
[Black "Suresh, Pavan"]
[Result "1-0"]
[WhiteElo "1760"]
[BlackElo "1351"]
[PlyCount "63"]
[EventDate "2021.06.12"]
[EventType "swiss (rapid)"]
[EventRounds "7"]
[EventCountry "CAN"]

1. e4 c5 2. Nf3 Nc6 3. Bb5 g6 4. O-O Bg7 5. Nc3 e6 6. Bxc6 dxc6 7. d3 Nf6 8.
Bg5 Qb6 9. Rb1 O-O 10. h3 h6 11. Be3 Nd7 12. Qd2 h5 13. Bh6 Qc7 14. Bxg7 Kxg7
15. Qg5 Qd8 16. Qg3 Nf6 17. e5 Nd5 18. Ne4 Qe7 19. c4 Nb4 20. Nh2 Nxa2 21. Nf6
Nb4 22. Nxh5+ Kh8 23. Nf6 Kg7 24. Nhg4 b6 25. Qh4 Rh8 26. Qg5 Kf8 27. Rbd1 Rh5
28. Qf4 Kg7 29. Nxh5+ gxh5 30. Nf6 Bb7 31. Qg5+ Kf8 32. Qg8# 1-0

[Event "Montreal op Rapid"]
[Site "Chess.com"]
[Date "2021.06.12"]
[Round "2"]
[White "Jain, Ankita"]
[Black "Turcotte, Jonathan"]
[Result "0-1"]
[WhiteElo "1281"]
[BlackElo "1930"]
[PlyCount "92"]
[EventDate "2021.06.12"]
[EventType "swiss (rapid)"]
[EventRounds "7"]
[EventCountry "CAN"]

1. e4 c6 2. Nf3 d5 3. exd5 cxd5 4. d4 Nc6 5. c3 Qc7 6. Bd3 Bg4 7. h3 Bh5 8. Be3
e6 9. Nbd2 Nf6 10. Nf1 Bd6 11. Bg5 O-O 12. Bxf6 gxf6 13. Qd2 Bf4 14. Qc2 Bg6
15. a3 b5 16. g3 Bd6 17. Nh4 Nxd4 18. cxd4 Qxc2 19. Bxc2 Bxc2 20. Ne3 Be4 21.
Rg1 h6 22. f3 Bh7 23. Ke2 Rfc8 24. Rad1 a5 25. f4 Be4 26. f5 b4 27. a4 b3 28.
g4 Rab8 29. Nf3 Rb4 30. Ra1 Bf4 31. Rg2 Bxe3 32. Kxe3 Bxf3 33. Kxf3 Rxd4 34.
Ke3 Re4+ 35. Kd3 Rcc4 36. Ra3 Rb4 37. Rf2 e5 38. Kd2 Rec4 39. Rf3 Rc2+ 40. Ke1
Rxb2 41. Kd1 d4 42. Kc1 Rc2+ 43. Kb1 Rc3 44. Rxc3 dxc3 45. Kc1 b2+ 46. Kb1 c2+
0-1

[Event "Montreal op Rapid"]
[Site "Chess.com"]
[Date "2021.06.12"]
[Round "2"]
[White "Laplante, Ethan"]
[Black "Tanaka, Tyler"]
[Result "0-1"]
[WhiteElo "1397"]
[BlackElo "2112"]
[PlyCount "94"]
[EventDate "2021.06.12"]
[EventType "swiss (rapid)"]
[EventRounds "7"]
[EventCountry "CAN"]

1. e4 c6 2. d4 d5 3. Nc3 g6 4. Nf3 Bg7 5. Be3 Bg4 6. Be2 Nf6 7. e5 Nfd7 8. h3
Bxf3 9. Bxf3 e6 10. Qd2 c5 11. Bg5 Qb6 12. Na4 Qc6 13. Nxc5 Nxc5 14. dxc5 Qxc5
15. O-O O-O 16. Bf6 Bxf6 17. exf6 Nd7 18. Qg5 Qd4 19. Rfd1 Qxf6 20. Qxf6 Nxf6
21. b3 Rac8 22. Rac1 Rc3 23. Be2 Rfc8 24. Bd3 a6 25. Rd2 Kg7 26. Re1 Nd7 27.
Ree2 Kf6 28. f3 Nc5 29. Kf2 Nxd3+ 30. cxd3 Rc1 31. d4 Ke7 32. Ke3 R8c3+ 33. Rd3
Rxd3+ 34. Kxd3 Kd6 35. Kd2 Rc7 36. Kd3 a5 37. a4 Rc6 38. g3 f6 39. g4 Rb6 40.
Kc3 e5 41. Rd2 e4 42. fxe4 dxe4 43. Re2 Kd5 44. Re3 Rc6+ 45. Kb2 Kxd4 46. Re2
e3 47. Re1 Kd3 0-1

[Event "Montreal op Rapid"]
[Site "Chess.com"]
[Date "2021.06.12"]
[Round "2"]
[White "Sandhu, Manraj Singh"]
[Black "Yao, Henry"]
[Result "0-1"]
[WhiteElo "419"]
[BlackElo "1762"]
[PlyCount "50"]
[EventDate "2021.06.12"]
[EventType "swiss (rapid)"]
[EventRounds "7"]
[EventCountry "CAN"]

1. e4 e6 2. d4 d5 3. e5 c5 4. c3 Nc6 5. Nf3 Qb6 6. Be3 Qxb2 7. Nbd2 Qb6 8. Nb3
cxd4 9. cxd4 Bd7 10. Be2 Nge7 11. Ng5 h6 12. Nh3 Nf5 13. O-O Be7 14. Bd2 O-O
15. f4 Nfxd4 16. Nxd4 Nxd4 17. Be3 Bc5 18. Rc1 Nxe2+ 19. Qxe2 Bxe3+ 20. Kh1
Bxc1 21. Rxc1 Rac8 22. Qd1 Rxc1 23. Qxc1 Rc8 24. Qg1 Qb2 25. a4 Rc1 0-1

[Event "Montreal op Rapid"]
[Site "Chess.com"]
[Date "2021.06.12"]
[Round "2"]
[White "Sze, Jaylen"]
[Black "Sonis, Francesco"]
[Result "0-1"]
[WhiteElo "1442"]
[BlackElo "2445"]
[PlyCount "68"]
[EventDate "2021.06.12"]
[EventType "swiss (rapid)"]
[EventRounds "7"]
[EventCountry "CAN"]

1. d4 Nf6 2. Bf4 d5 3. e3 c5 4. c3 Nc6 5. Nf3 Qb6 6. Qc2 g6 7. Nbd2 Bf5 8. Qc1
Bg7 9. Nh4 Be6 10. h3 Rc8 11. Be2 cxd4 12. exd4 Nxd4 13. Be3 Nxe2 14. Kxe2 Qa6+
15. Ke1 Nd7 16. Nb3 Ne5 17. Qd2 O-O 18. f4 Nc4 19. Qe2 Nxe3 20. Qxe3 Rc4 21.
Nf3 Re4 22. Kf2 Rxe3 23. Kxe3 Qb6+ 24. Ke2 a5 25. Rad1 a4 26. Nbd4 Qxb2+ 27.
Ke3 Rc8 28. Rc1 Rxc3+ 29. Rxc3 Qxc3+ 30. Kf2 Bxd4+ 31. Nxd4 Qxd4+ 32. Kg3 Qe3+
33. Kh2 Qxf4+ 34. g3 Qf2# 0-1

[Event "Montreal op Rapid"]
[Site "Chess.com"]
[Date "2021.06.12"]
[Round "3"]
[White "Chelkowski, Jan"]
[Black "Laplante, Ethan"]
[Result "0-1"]
[WhiteElo "1143"]
[BlackElo "1397"]
[PlyCount "20"]
[EventDate "2021.06.12"]
[EventType "swiss (rapid)"]
[EventRounds "7"]
[EventCountry "CAN"]

1. e4 c5 2. Bc4 e6 3. b3 d5 4. exd5 exd5 5. Bd3 Nf6 6. Qf3 Bg4 7. Qe3+ Be7 8.
Ba3 O-O 9. Bxc5 Re8 10. Qd4 Bxc5+ 0-1

[Event "Montreal op Rapid"]
[Site "Chess.com"]
[Date "2021.06.12"]
[Round "3"]
[White "Di Matteo, Alessio"]
[Black "Coste, Sebastien"]
[Result "1-0"]
[WhiteElo "1399"]
[BlackElo "1058"]
[PlyCount "131"]
[EventDate "2021.06.12"]
[EventType "swiss (rapid)"]
[EventRounds "7"]
[EventCountry "CAN"]

1. d4 Nf6 2. c4 g6 3. Nc3 d5 4. cxd5 Nxd5 5. e4 Nxc3 6. bxc3 Bg7 7. Bc4 c5 8.
Be3 O-O 9. Ne2 Nc6 10. Qd2 a6 11. O-O b5 12. Bb3 Na5 13. Bd5 Bb7 14. Bxb7 Nxb7
15. f4 Nd6 16. Ng3 Nc4 17. Qc1 Nxe3 18. Qxe3 cxd4 19. Qc1 dxc3 20. e5 b4 21.
Rd1 Qb6+ 22. Kh1 a5 23. Qc2 Rfd8 24. Qb3 Rxd1+ 25. Rxd1 Rd8 26. Rxd8+ Qxd8 27.
h3 Qd2 28. e6 f5 29. Qc4 Qd4 30. Qc8+ Bf8 31. Qe8 Qf6 32. Qc8 a4 33. Qc4 a3 34.
Ne2 g5 35. fxg5 Qxg5 36. Qxb4 c2 37. Qc3 Qf6 38. Qxc2 Qxe6 39. Qd3 Qxa2 40.
Qg3+ Kf7 41. Qf3 e6 42. Qh5+ Kg7 43. Qg5+ Kh8 44. Qf6+ Kg8 45. Qg5+ Kf7 46.
Qh5+ Kf6 47. Qh4+ Kg6 48. Nf4+ Kf7 49. Qxh7+ Ke8 50. Qg6+ Ke7 51. Qh7+ Kd6 52.
Qh4 Qa1+ 53. Kh2 Qe5 54. Qd8+ Kc6 55. Qe8+ Kc7 56. Qf7+ Kc6 57. Qe8+ Kb6 58.
Qa4 Qb5 59. Qd4+ Bc5 60. Qd8+ Kc6 61. Qe8+ Kb6 62. Qxe6+ Ka5 63. Nd5 a2 64.
Qe1+ Bb4 65. Qd1 Bd6+ 66. Kh1 1-0

[Event "Montreal op Rapid"]
[Site "Chess.com"]
[Date "2021.06.12"]
[Round "3"]
[White "Garg, Shlok"]
[Black "Sze, Jaylen"]
[Result "0-1"]
[WhiteElo "1222"]
[BlackElo "1442"]
[PlyCount "84"]
[EventDate "2021.06.12"]
[EventType "swiss (rapid)"]
[EventRounds "7"]
[EventCountry "CAN"]

1. c4 e6 2. Nc3 d5 3. cxd5 exd5 4. d4 c5 5. e3 Nf6 6. Nf3 Nc6 7. Bd3 Bg4 8. O-O
Be7 9. h3 Bh5 10. Be2 O-O 11. Ne5 Bxe2 12. Qxe2 cxd4 13. Nxc6 bxc6 14. exd4 Re8
15. Qc2 c5 16. Be3 Rc8 17. Rac1 cxd4 18. Bxd4 Bc5 19. Qa4 Bxd4 20. Qxd4 a6 21.
Rcd1 Qa5 22. Nxd5 Nxd5 23. Qxd5 Qxd5 24. Rxd5 Rc2 25. Ra5 Re6 26. b3 g6 27. Ra4
Rb6 28. b4 Rb2 29. a3 Rb3 30. Ra5 f5 31. Rd1 Kg7 32. Rd7+ Kh6 33. Ra7 Re6 34.
R5xa6 Re1+ 35. Kh2 Rbb1 36. Rb7 f4 37. g3 f3 38. g4 Rg1 39. g5+ Kxg5 40. h4+
Kh6 41. Kh3 Rg2 42. Raa7 Rh1# 0-1

[Event "Montreal op Rapid"]
[Site "Chess.com"]
[Date "2021.06.12"]
[Round "3"]
[White "Harsha, Bharathakoti"]
[Black "Adam, Rafael"]
[Result "1/2-1/2"]
[WhiteElo "2484"]
[BlackElo "1835"]
[PlyCount "148"]
[EventDate "2021.06.12"]
[EventType "swiss (rapid)"]
[EventRounds "7"]
[EventCountry "CAN"]

1. c4 Nf6 2. Nc3 e6 3. e4 Nc6 4. d4 d6 5. Nf3 Be7 6. Be2 O-O 7. O-O e5 8. d5
Nb8 9. Be3 Ng4 10. Bd2 f5 11. exf5 Bxf5 12. Ne1 Nf6 13. Bd3 Bg4 14. f3 Bh5 15.
Nc2 a5 16. a3 Na6 17. b4 axb4 18. axb4 Qe8 19. Ne4 Nxe4 20. Bxe4 Bg6 21. Qe2
Bxe4 22. Qxe4 Qh5 23. Ne1 Nc5 24. Qb1 Rxa1 25. Qxa1 Nb3 26. Qa2 Nxd2 27. Qxd2
Ra8 28. Nd3 Bg5 29. Qe2 Qh6 30. c5 Be3+ 31. Kh1 Bd4 32. Qe4 Qe3 33. h3 Qxe4 34.
fxe4 Rf8 35. Rxf8+ Kxf8 36. g3 Ke7 37. Kg2 c6 38. Kf3 g6 39. g4 Kd7 40. h4 Kc7
41. g5 b6 42. b5 cxb5 43. c6 Bc5 44. Ke2 Bd4 45. Kd2 Bg1 46. Kc2 Bh2 47. Ne1
Bg3 48. Nf3 Bf2 49. Kb3 Bc5 50. Kc3 Kc8 51. Nh2 Bf2 52. Nf3 Bc5 53. Kd3 Kc7 54.
Nh2 Bf2 55. Ng4 Bxh4 56. Nf6 Bxg5 57. Ne8+ Kd8 58. Nxd6 Be7 59. Nxb5 h5 60. Ke3
g5 61. d6 Bxd6 62. Nxd6 Kc7 63. Nf7 Kxc6 64. Nxg5 Kd6 65. Kd3 h4 66. Kc4 Kc6
67. Nf3 h3 68. Nxe5+ Kd6 69. Nf3 b5+ 70. Kd4 b4 71. e5+ Ke7 72. Kc4 Ke6 73.
Kxb4 h2 74. Nxh2 Kxe5 1/2-1/2

[Event "Montreal op Rapid"]
[Site "Chess.com"]
[Date "2021.06.12"]
[Round "3"]
[White "Knechtel, Thomas"]
[Black "Holmgren, Emilien"]
[Result "0-1"]
[WhiteElo "1640"]
[BlackElo "1267"]
[PlyCount "128"]
[EventDate "2021.06.12"]
[EventType "swiss (rapid)"]
[EventRounds "7"]
[EventCountry "CAN"]

1. e4 e5 2. Nf3 Nc6 3. Bb5 Nf6 4. O-O Bc5 5. c3 O-O 6. d4 exd4 7. cxd4 Bb6 8.
d5 Ne7 9. Nc3 d6 10. Qd3 a6 11. Ba4 Ng6 12. Re1 Ng4 13. Re2 N4e5 14. Nxe5 Nxe5
15. Qg3 Qf6 16. Be3 Bxe3 17. Rxe3 Ng4 18. Re2 b5 19. Bb3 Ne5 20. a4 b4 21. Nd1
Qg6 22. Rc1 Qxg3 23. hxg3 Ra7 24. Rec2 Nd3 25. Rb1 Nc5 26. Bc4 a5 27. f3 Bd7
28. b3 f5 29. e5 dxe5 30. d6+ Kh8 31. Bb5 Bxb5 32. Rxc5 Bd3 33. Rbc1 cxd6 34.
Rc6 Rd8 35. Rxd6 Raa8 36. Rxd8+ Rxd8 37. Rc5 e4 38. Rxa5 Bc2 39. Ne3 Bxb3 40.
Nxf5 g6 41. Ne3 exf3 42. gxf3 Rd3 43. Kf2 Kg7 44. Ke2 Rc3 45. Ra7+ Bf7 46. a5
Kf6 47. Ng4+ Ke6 48. Rb7 Ra3 49. Rxb4 Rxa5 50. Rb6+ Ke7 51. Nh6 Bc4+ 52. Ke3
Rh5 53. Ng4 Be6 54. Kf4 Rf5+ 55. Ke3 h5 56. Nf2 Re5+ 57. Ne4 Bf5 58. Kf4 Re6
59. Rxe6+ Kxe6 60. g4 Bxe4 61. Kxe4 h4 62. Kf4 g5+ 63. Ke3 Ke5 64. Kf2 Kf4 0-1

[Event "Montreal op Rapid"]
[Site "Chess.com"]
[Date "2021.06.12"]
[Round "3"]
[White "Rousskikh, Maxim"]
[Black "Deshpande, Sarthak"]
[Result "1/2-1/2"]
[WhiteElo "977"]
[BlackElo "1298"]
[PlyCount "79"]
[EventDate "2021.06.12"]
[EventType "swiss (rapid)"]
[EventRounds "7"]
[EventCountry "CAN"]

1. e4 c5 2. Nf3 d6 3. c3 Nf6 4. Qc2 Bg4 5. Be2 Nc6 6. O-O g6 7. Bb5 Bxf3 8.
gxf3 Bg7 9. Na3 O-O 10. Kh1 Qd7 11. Rg1 Qh3 12. Rg3 Qc8 13. d3 Nh5 14. Rg2 Qh3
15. Qd1 a6 16. Bxc6 bxc6 17. Nc4 d5 18. Nb6 Rab8 19. Na4 c4 20. dxc4 dxc4 21.
Be3 Rfd8 22. Qe2 Rd3 23. Nc5 Rd6 24. Nxa6 Rbd8 25. Nc5 Be5 26. Nb7 Nf4 27. Bxf4
Bxf4 28. Nxd6 Rxd6 29. Rd1 Re6 30. a4 Re5 31. Rd8+ Kg7 32. Ra8 Rg5 33. Qf1 Qxf3
34. Rd8 Bd6 35. Rc8 Rxg2 36. Qxg2 Qd1+ 37. Qg1 Qf3+ 38. Qg2 Qd1+ 39. Qg1 Qf3+
40. Qg2 1/2-1/2

[Event "Montreal op Rapid"]
[Site "Chess.com"]
[Date "2021.06.12"]
[Round "3"]
[White "Sonis, Francesco"]
[Black "Heran-Boily, Samuel"]
[Result "1-0"]
[WhiteElo "2445"]
[BlackElo "1760"]
[PlyCount "122"]
[EventDate "2021.06.12"]
[EventType "swiss (rapid)"]
[EventRounds "7"]
[EventCountry "CAN"]

1. d4 d5 2. c4 e6 3. Nc3 Nf6 4. cxd5 exd5 5. Bg5 Be7 6. e3 O-O 7. Bd3 h6 8. Bh4
b6 9. Nf3 Bb7 10. O-O Ne4 11. Bxe7 Qxe7 12. Rc1 Nd7 13. Qb3 Ndf6 14. Rfd1 Rac8
15. h3 Rfd8 16. Nb5 a6 17. Na7 Ra8 18. Nc6 Bxc6 19. Rxc6 Rd6 20. Qc2 Ra7 21.
Ne5 Ne8 22. Bxe4 dxe4 23. Rxd6 Qxd6 24. Qxe4 c5 25. Nc6 Nf6 26. Qe5 Rd7 27.
Qxd6 Rxd6 28. Ne5 cxd4 29. Rxd4 Re6 30. Rd8+ Ne8 31. Nf3 Kf8 32. Ra8 b5 33. Nd4
Rd6 34. Kf1 g6 35. Ke2 Ke7 36. Ra7+ Kf6 37. Nb3 Rc6 38. Nd4 Rb6 39. b4 Nd6 40.
Nb3 Ne4 41. Rc7 Rd6 42. g4 Ng5 43. Nc5 Ne6 44. Ne4+ Kg7 45. Rxf7+ Kxf7 46.
Nxd6+ Kf6 47. Ne4+ Ke5 48. Kd3 Nc7 49. f4+ Ke6 50. Nc5+ Kf6 51. e4 h5 52. Kd4
g5 53. e5+ Kg6 54. f5+ Kh6 55. e6 hxg4 56. hxg4 Kg7 57. Ke5 Kf8 58. f6 Ke8 59.
Kd6 Na8 60. f7+ Kf8 61. Nd7+ Kg7 1-0

[Event "Montreal op Rapid"]
[Site "Chess.com"]
[Date "2021.06.12"]
[Round "3"]
[White "Suresh, Pavan"]
[Black "Sandhu, Manraj Singh"]
[Result "0-1"]
[WhiteElo "1351"]
[BlackElo "419"]
[PlyCount "76"]
[EventDate "2021.06.12"]
[EventType "swiss (rapid)"]
[EventRounds "7"]
[EventCountry "CAN"]

1. e4 c5 2. Nf3 d6 3. Bb5+ Bd7 4. Bxd7+ Qxd7 5. O-O g6 6. d3 Bg7 7. Re1 Nf6 8.
Nc3 O-O 9. Bf4 h6 10. Qd2 Kh7 11. Nd5 Nxd5 12. exd5 Na6 13. c3 Nc7 14. c4 Ne8
15. Rab1 Nf6 16. b4 b6 17. b5 a6 18. bxa6 Rxa6 19. Rb5 Nh5 20. Bg3 Nxg3 21.
hxg3 Rfa8 22. Qe3 Bf6 23. Re2 Rxa2 24. Rxa2 Rxa2 25. Rxb6 Ra1+ 26. Kh2 Qf5 27.
Nh4 Qh5 28. Qe4 Qd1 29. g4 Bxh4 30. g3 Qg1+ 31. Kh3 Bf6 32. Qg2 Qd1 33. Qe4 Qd2
34. Qf3 Rf1 35. Rb7 Rxf2 36. Qh1 Qxd3 37. Rb1 Be5 38. Rd1 Qxg3# 0-1

[Event "Montreal op Rapid"]
[Site "Chess.com"]
[Date "2021.06.12"]
[Round "3"]
[White "Tanaka, Tyler"]
[Black "Fang, Zhou"]
[Result "1/2-1/2"]
[WhiteElo "2112"]
[BlackElo "1716"]
[PlyCount "112"]
[EventDate "2021.06.12"]
[EventType "swiss (rapid)"]
[EventRounds "7"]
[EventCountry "CAN"]

1. e4 d6 2. d4 Nf6 3. Bd3 e5 4. c3 Nc6 5. Ne2 Bd7 6. O-O Be7 7. f4 O-O 8. Nd2
Bg4 9. Nf3 Bxf3 10. Rxf3 Re8 11. Kh1 Nd7 12. fxe5 dxe5 13. Qb3 Rf8 14. Qxb7 Na5
15. Qa6 c5 16. d5 c4 17. d6 Bxd6 18. Qxd6 Nb7 19. Qd5 cxd3 20. Qxd3 Ndc5 21.
Qc2 Qc7 22. Be3 Ne6 23. Ng3 g6 24. Raf1 Rad8 25. Bh6 Rfe8 26. Qf2 Rd7 27. Nf5
Nbc5 28. Ng3 Nb7 29. Be3 Nd6 30. Qe2 Nc4 31. Bc1 Nb6 32. Re1 a5 33. Nf1 Nc4 34.
Ne3 Nxe3 35. Qxe3 Nf4 36. Ref1 Rd3 37. Qe1 Rxf3 38. Rxf3 Rd8 39. Bxf4 exf4 40.
h3 g5 41. Qe2 Qc6 42. e5 a4 43. Rd3 Rb8 44. Rd6 Qb5 45. Qg4 Qxe5 46. Rd7 Rxb2
47. h4 Qe1+ 48. Kh2 Qxh4+ 49. Qxh4 gxh4 50. Rd4 Rxa2 51. Rxf4 a3 52. Rxh4 Rc2
53. Rc4 a2 54. Ra4 h5 55. c4 Kg7 56. c5 Rxc5 1/2-1/2

[Event "Montreal op Rapid"]
[Site "Chess.com"]
[Date "2021.06.12"]
[Round "3"]
[White "Turcotte, Jonathan"]
[Black "Araujo Sanchez, Josue"]
[Result "1/2-1/2"]
[WhiteElo "1930"]
[BlackElo "2066"]
[PlyCount "216"]
[EventDate "2021.06.12"]
[EventType "swiss (rapid)"]
[EventRounds "7"]
[EventCountry "CAN"]

1. d4 Nf6 2. c4 e6 3. Nf3 b6 4. g3 Ba6 5. b3 Bb7 6. Bg2 a5 7. O-O a4 8. Bb2 Be7
9. Nbd2 O-O 10. Re1 d5 11. Ne5 Nbd7 12. Rc1 Nxe5 13. dxe5 Nd7 14. cxd5 exd5 15.
e4 Nc5 16. Qc2 axb3 17. axb3 Ra2 18. Rb1 dxe4 19. Nxe4 Qd3 20. Qxd3 Nxd3 21.
Re2 Nxb2 22. Rexb2 Ra7 23. Rd2 Bc8 24. Rc1 Be6 25. Rdc2 c5 26. Nd2 Rd8 27. Rb2
Ra5 28. Nc4 Rb5 29. Bf1 Rb4 30. Ne3 Bxb3 31. Rcb1 Ba2 32. Rxb4 cxb4 33. Rb2 b3
34. Bc4 Ba3 35. Rxb3 Bxb3 36. Bxb3 Bc5 37. Nd5 Bd4 38. Kf1 Bxe5 39. Nxb6 Bxg3
40. hxg3 Rb8 41. Bxf7+ Kxf7 42. Nd7 Rb5 43. f4 Ke6 44. Nf8+ Kf5 45. Nxh7 Kg4
46. Kf2 Rb2+ 47. Ke3 Kxg3 48. f5 Rh2 49. Ng5 Kg4 50. Ne6 Rh7 51. Ke4 g5 52.
fxg6 Rh6 53. Nf4 Rh8 54. Ke5 Kg5 55. g7 Re8+ 56. Ne6+ Kg6 57. Kd6 Kf7 58. Ng5+
Kxg7 59. Ne6+ Kf6 60. Nd4 Rd8+ 61. Kc5 Rd7 62. Kc4 Ke5 63. Nc6+ Ke4 64. Kc5 Rd1
65. Nb4 Rd2 66. Kc4 Rh2 67. Kc5 Rh3 68. Kc4 Rg3 69. Kc5 Rc3+ 70. Kb5 Kd4 71.
Nc6+ Ke4 72. Nb4 Ke5 73. Nc6+ Kd6 74. Nb4 Rc8 75. Nd3 Rc7 76. Nb4 Rc3 77. Na2
Ra3 78. Nb4 Rc3 79. Na2 Rc5+ 80. Kb4 Rc8 81. Nc3 Ke5 82. Nb5 Rc6 83. Nc3 Kd4
84. Nb5+ Kd3 85. Na3 Ke4 86. Nb5 Ke5 87. Nc3 Rb6+ 88. Kc5 Rb2 89. Kc4 Rd2 90.
Nb5 Rh2 91. Nc3 Rh4+ 92. Kd3 Rh8 93. Kc4 Rd8 94. Nb5 Rc8+ 95. Kb4 Kd5 96. Nc3+
Kc6 97. Kc4 Rh8 98. Kd4 Rh1 99. Ne4 Rh5 100. Nc3 Rh4+ 101. Ne4 Rg4 102. Ke5 Rg1
103. Kd4 Kd7 104. Nf6+ Ke6 105. Ne4 Rg4 106. Kd3 Ke5 107. Nd2 Rg3+ 108. Ke2 Rh3
1/2-1/2

[Event "Montreal op Rapid"]
[Site "Chess.com"]
[Date "2021.06.12"]
[Round "3"]
[White "Yao, Henry"]
[Black "Batorshyn, Ilia"]
[Result "1-0"]
[WhiteElo "1762"]
[BlackElo "1667"]
[PlyCount "93"]
[EventDate "2021.06.12"]
[EventType "swiss (rapid)"]
[EventRounds "7"]
[EventCountry "CAN"]

1. e4 e6 2. d4 d5 3. Nd2 dxe4 4. Nxe4 Nd7 5. Nf3 Ngf6 6. Nxf6+ Nxf6 7. Bd3 Be7
8. O-O O-O 9. c3 b6 10. Qc2 Bb7 11. Ne5 c5 12. Be3 Rc8 13. Rad1 cxd4 14. Bxd4
Qc7 15. Qe2 h6 16. h3 Rfd8 17. Rfe1 Bd6 18. Bb1 Bxe5 19. Bxe5 Qc6 20. f3 Nd5
21. Qc2 f5 22. Qe2 Re8 23. Bd4 Nf4 24. Qe5 Nh5 25. a3 Re7 26. Bxf5 Qd5 27.
Bxe6+ Rxe6 28. Qxe6+ Qxe6 29. Rxe6 Bd5 30. Re5 Nf4 31. Rde1 Kh7 32. Re8 Rc6 33.
g3 Nxh3+ 34. Kh2 Ng5 35. R1e7 Nxf3+ 36. Kh3 Ng5+ 37. Kh2 Nf3+ 38. Kh3 Ng5+ 39.
Kh4 Nf3+ 40. Kg4 Rg6+ 41. Kf4 Ng5 42. Rxa7 Nh3+ 43. Ke5 Rg5+ 44. Kd6 Bc4 45.
Ree7 Rg6+ 46. Kc7 b5 47. Kb8 1-0

[Event "Montreal op Rapid"]
[Site "Chess.com"]
[Date "2021.06.12"]
[Round "4"]
[White "Adam, Rafael"]
[Black "Tanaka, Tyler"]
[Result "1-0"]
[WhiteElo "1835"]
[BlackElo "2112"]
[PlyCount "83"]
[EventDate "2021.06.12"]
[EventType "swiss (rapid)"]
[EventRounds "7"]
[EventCountry "CAN"]

1. d4 g6 2. c4 Bg7 3. g3 c5 4. Nf3 cxd4 5. Nxd4 Nc6 6. Nb3 Nf6 7. Bg2 O-O 8.
O-O d6 9. Bd2 Be6 10. Na3 Nd7 11. Qc2 Rc8 12. Bc3 Nde5 13. Nd2 d5 14. cxd5 Nb4
15. Qe4 Rxc3 16. Qxb4 Rxa3 17. Qxa3 Bxd5 18. Rfd1 Bxg2 19. Kxg2 Qb6 20. Rab1
Nc6 21. Nc4 Qb5 22. b3 Qh5 23. e3 Qf5 24. Qc1 Rc8 25. Qd2 b5 26. Nb2 Ne5 27.
Rbc1 Qe4+ 28. Kf1 Rb8 29. Qd5 Qg4 30. Nd3 Nf3 31. Nf4 g5 32. h3 Qf5 33. Qxf3
gxf4 34. gxf4 h5 35. Kg2 Rb6 36. Rd5 Rg6+ 37. Kh2 Qf6 38. Rc8+ Bf8 39. Rdd8 Qa1
40. Rxf8+ Kh7 41. Qxh5+ Kg7 42. Qh8# 1-0

[Event "Montreal op Rapid"]
[Site "Chess.com"]
[Date "2021.06.12"]
[Round "4"]
[White "Araujo Sanchez, Josue"]
[Black "Harsha, Bharathakoti"]
[Result "0-1"]
[WhiteElo "2066"]
[BlackElo "2484"]
[PlyCount "74"]
[EventDate "2021.06.12"]
[EventType "swiss (rapid)"]
[EventRounds "7"]
[EventCountry "CAN"]

1. Nf3 Nf6 2. c4 e6 3. g3 d5 4. Bg2 d4 5. O-O c5 6. e3 Nc6 7. exd4 cxd4 8. Re1
Bd6 9. d3 O-O 10. a3 a5 11. Bg5 h6 12. Bxf6 Qxf6 13. Nbd2 Bc7 14. Rc1 Qe7 15.
c5 Rd8 16. Rc4 e5 17. Qa4 Be6 18. Rcc1 Bd5 19. Nh4 Qd7 20. Nc4 Bxg2 21. Kxg2 g5
22. Nf3 Qd5 23. g4 f5 24. h3 e4 25. Ng1 e3+ 26. f3 fxg4 27. hxg4 h5 28. gxh5 g4
29. Rf1 Qxh5 30. Nd6 Kg7 31. Qd1 Rh8 32. fxg4 Qh2+ 33. Kf3 Raf8+ 34. Nf5+ Rxf5+
35. gxf5 Qf4+ 36. Ke2 Rh2+ 37. Ke1 Qg3+ 0-1

[Event "Montreal op Rapid"]
[Site "Chess.com"]
[Date "2021.06.12"]
[Round "4"]
[White "Deshpande, Sarthak"]
[Black "Knechtel, Thomas"]
[Result "1-0"]
[WhiteElo "1298"]
[BlackElo "1640"]
[PlyCount "57"]
[EventDate "2021.06.12"]
[EventType "swiss (rapid)"]
[EventRounds "7"]
[EventCountry "CAN"]

1. e4 c5 2. c3 d5 3. exd5 Qxd5 4. d4 Nf6 5. Nf3 Bg4 6. Be2 e6 7. O-O Nc6 8. h3
Bf5 9. Be3 cxd4 10. cxd4 Qd8 11. Nc3 Be7 12. Bb5 O-O 13. Bxc6 bxc6 14. Ne5 Rc8
15. Qa4 Qc7 16. Rac1 Rfd8 17. Nb5 Qb7 18. Nc3 Qxb2 19. Nxc6 Rd7 20. Ne5 Rdc7
21. Nd1 Qb7 22. Rxc7 Qxc7 23. Nb2 Bd6 24. Rc1 Qb8 25. Rxc8+ Qxc8 26. Qxa7 Bxe5
27. dxe5 Nd5 28. Qc5 h6 29. Qxc8+ 1-0

[Event "Montreal op Rapid"]
[Site "Chess.com"]
[Date "2021.06.12"]
[Round "4"]
[White "Fang, Zhou"]
[Black "Turcotte, Jonathan"]
[Result "1-0"]
[WhiteElo "1716"]
[BlackElo "1930"]
[PlyCount "65"]
[EventDate "2021.06.12"]
[EventType "swiss (rapid)"]
[EventRounds "7"]
[EventCountry "CAN"]

1. e4 c6 2. Bc4 d5 3. Bb3 dxe4 4. Qh5 g6 5. Qh4 a5 6. a4 Na6 7. Qxe4 Bg7 8. Nf3
Nc5 9. Qe3 Nxb3 10. Qxb3 Nf6 11. c3 O-O 12. O-O Qc7 13. d4 Be6 14. Qd1 Rfd8 15.
Be3 Nd5 16. Nbd2 c5 17. Qe1 Nxe3 18. fxe3 Qb6 19. Qb1 cxd4 20. exd4 h6 21. h3
Rac8 22. Qc1 Bf5 23. Kh1 Qd6 24. Re1 Rc7 25. Qd1 g5 26. Qb3 Be6 27. Qc2 Bxd4
28. Ne4 Qd5 29. Rad1 f5 30. Rxd4 Qxd4 31. Nxd4 Rxd4 32. Ng3 Rd6 33. Nxf5 1-0

[Event "Montreal op Rapid"]
[Site "Chess.com"]
[Date "2021.06.12"]
[Round "4"]
[White "Heran-Boily, Samuel"]
[Black "Holmgren, Emilien"]
[Result "1-0"]
[WhiteElo "1760"]
[BlackElo "1267"]
[PlyCount "51"]
[EventDate "2021.06.12"]
[EventType "swiss (rapid)"]
[EventRounds "7"]
[EventCountry "CAN"]

1. e4 e5 2. Nf3 Nc6 3. Bb5 a6 4. Ba4 Nf6 5. O-O Bc5 6. c3 O-O 7. d4 exd4 8.
cxd4 Ba7 9. e5 Nd5 10. Bb3 Nce7 11. Bg5 c6 12. Bxd5 cxd5 13. Nc3 Qe8 14. Bxe7
Qxe7 15. Nxd5 Qd8 16. Rc1 d6 17. Ne3 dxe5 18. dxe5 Be6 19. Nc4 Rc8 20. b3 b5
21. Nd6 Rxc1 22. Qxc1 Bb8 23. Rd1 Qb6 24. Ng5 Bd7 25. Ngxf7 Rxf7 26. Nxf7 1-0

[Event "Montreal op Rapid"]
[Site "Chess.com"]
[Date "2021.06.12"]
[Round "4"]
[White "Jain, Ankita"]
[Black "Rousskikh, Maxim"]
[Result "1-0"]
[WhiteElo "1281"]
[BlackElo "977"]
[PlyCount "87"]
[EventDate "2021.06.12"]
[EventType "swiss (rapid)"]
[EventRounds "7"]
[EventCountry "CAN"]

1. e4 e5 2. Nf3 Nc6 3. Bc4 Bc5 4. c3 d6 5. d3 h6 6. h3 Nf6 7. a4 a5 8. Be3 Bb6
9. Bxb6 cxb6 10. Nbd2 O-O 11. O-O Be6 12. Re1 Rc8 13. Qb3 Bxc4 14. Nxc4 Ne7 15.
Qxb6 Qxb6 16. Nxb6 Rc6 17. Nc4 b6 18. Na3 Ng6 19. g3 Ne7 20. Nb5 Nd7 21. d4 Nc8
22. dxe5 Nxe5 23. Nxe5 dxe5 24. Rad1 f6 25. Rd7 Kh7 26. Red1 Rc4 27. Rd8 Rxd8
28. Rxd8 Ne7 29. Rd7 Ng6 30. Nd6 Rxa4 31. Nf5 Nf8 32. Rxg7+ Kh8 33. Rf7 Nh7 34.
Rb7 Nf8 35. Rxb6 Rxe4 36. Rxf6 Kg8 37. Nxh6+ Kg7 38. Ra6 Re2 39. Nf5+ Kf7 40.
Nd6+ Ke7 41. Nc4 Ne6 42. Rxa5 Kf6 43. Kf1 Rc2 44. Rxe5 1-0

[Event "Montreal op Rapid"]
[Site "Chess.com"]
[Date "2021.06.12"]
[Round "4"]
[White "Sze, Jaylen"]
[Black "Sandhu, Manraj Singh"]
[Result "1-0"]
[WhiteElo "1442"]
[BlackElo "419"]
[PlyCount "47"]
[EventDate "2021.06.12"]
[EventType "swiss (rapid)"]
[EventRounds "7"]
[EventCountry "CAN"]

1. e4 c5 2. c3 d5 3. exd5 Qxd5 4. Nf3 Nf6 5. Na3 b6 6. Nb5 Na6 7. d4 cxd4 8.
Nbxd4 g6 9. Qa4+ Nd7 10. Bxa6 Bxa6 11. Qxa6 Bg7 12. Be3 O-O 13. O-O Nc5 14. Qe2
e6 15. Rad1 Qxa2 16. Qd2 Ne4 17. Qc2 Nf6 18. Nb3 Nd5 19. Ra1 Nxe3 20. fxe3 Qxa1
21. Rxa1 a5 22. Nbd4 Rfc8 23. Qe4 Rc4 24. Qxa8+ 1-0